| 000 | 01168nam a22001817a 4500 | ||
|---|---|---|---|
| 010 | _aHIN-129722 | ||
| 020 |
_a9789355327994 _c288.00 |
||
| 035 | _aHN-102068 | ||
| 037 | _bDBAD | ||
| 082 |
_2द्वितीय _a954.53 |
||
| 100 |
_aसंजय सिंह _981012 |
||
| 245 |
_aबिहार: _bएक समग्र अध्ययन/ _cसंजय सिंह |
||
| 260 |
_aचेन्नई _bएम. सी. ग्रा हिल एजुकेशन(इंडिया) प्राइवेट लिमिटेड _c2025 |
||
| 270 |
_aअंजना कॉम्प्लेक्स नं: 5/ 90 ए, बट रोड, सेंट थॉमस माउंट , _bचेन्नई _e600016 |
||
| 300 |
_a437पृ. _c24 सेमी.(अजिल्द) |
||
| 500 | _aबिहार लोक सेवा आयोग (BPSC) एवं बिहार की अन्य राज्य स्तरीय परीक्षाओ के नवीनतम पाठ्यक्रम पर आधारित एक समग्र मार्गदर्शिका | ||
| 942 |
_2ddc _cHN _h954.53 _mसंजय |
||
| 999 |
_c211147 _d211147 |
||